000 01099nam a22003977a 4500
003 IBSLLIB
005 20260515055416.0
008 260515b |||||||| |||| 00| 0 eng d
020 _a0340356227
040 _aIBSLLIB
_beng
041 _hEng
082 _a332.1
_bVAL
100 _aValentine , Stuart
245 _aBanking
260 _bHodder & Stoughton ,
_c1976
300 _a244 p ;
_c21 cm T
505 _aThe qualities and functions of money
505 _aBank Account
505 _aCheques and bank cards
505 _aThe clearing system
505 _aBills of exchanges and other documents
505 _aBank advances
505 _aBorrowers
505 _aBanking services
505 _aBanking operations
505 _aInternational trading
505 _aSaving and investing
505 _aThe commercial banking institutions
505 _aSupervising the banking system
650 _aSocial Science
650 _aEconomics
653 _aBanking
653 _aMoney Market
700 _aMason , Stan
_eCoo Author
942 _cLBK
999 _c22139
_d22139